<?xml version="1.0" encoding="UTF-8"?>
<record
    xmlns:xsi="http://www.w3.org/2001/XMLSchema-instance"
    xsi:schemaLocation="http://www.loc.gov/MARC21/slim http://www.loc.gov/standards/marcxml/schema/MARC21slim.xsd"
    xmlns="http://www.loc.gov/MARC21/slim">

  <leader>02841nam a22002537a 4500</leader>
  <controlfield tag="003">OSt</controlfield>
  <controlfield tag="005">20220204104752.0</controlfield>
  <controlfield tag="008">120705t        xxu||||| |||| 00| 0 eng d</controlfield>
  <datafield tag="010" ind1=" " ind2=" ">
    <subfield code="a">2011046954</subfield>
  </datafield>
  <datafield tag="020" ind1=" " ind2=" ">
    <subfield code="a">9780073524986</subfield>
  </datafield>
  <datafield tag="020" ind1=" " ind2=" ">
    <subfield code="a">0073524980</subfield>
  </datafield>
  <datafield tag="040" ind1=" " ind2=" ">
    <subfield code="c">LC</subfield>
  </datafield>
  <datafield tag="050" ind1=" " ind2=" ">
    <subfield code="a">KF888.B97</subfield>
  </datafield>
  <datafield tag="082" ind1=" " ind2=" ">
    <subfield code="2">346.7307</subfield>
  </datafield>
  <datafield tag="245" ind1=" " ind2=" ">
    <subfield code="a">Business law: the ethical, global and e-commerce environment. /</subfield>
    <subfield code="c">Jane P. Mallor ...[et al.]</subfield>
  </datafield>
  <datafield tag="250" ind1=" " ind2=" ">
    <subfield code="a">15th ed.</subfield>
  </datafield>
  <datafield tag="260" ind1=" " ind2=" ">
    <subfield code="a">New York:</subfield>
    <subfield code="b">McGraw-Hill,</subfield>
    <subfield code="c">2013.</subfield>
  </datafield>
  <datafield tag="300" ind1=" " ind2=" ">
    <subfield code="a">xl, 1417 p. + [various pagings].:</subfield>
    <subfield code="c">26cm.</subfield>
    <subfield code="b">ill. ;</subfield>
  </datafield>
  <datafield tag="500" ind1=" " ind2=" ">
    <subfield code="a">Includes index.</subfield>
  </datafield>
  <datafield tag="505" ind1=" " ind2=" ">
    <subfield code="a">Contents: Foundations of American law: The nature of law -- The resolution of private disputes -- Business and the constitution -- Business ethics, corporate social responsibility, corporate governance and critical thinking -- Crimes and tortes: Criminal law and procedure -- Intentional torts -- Negligence and strict liability -- Intellectual property and unfair competition -- Contracts: Introduction to contracts -- The agreement: offer -- The agreement: acceptance -- Consideration -- Reality of consent -- Capacity to contract -- Illegality -- Writing -- Rights of third parties -- Performance and remedies -- Sales: Formation and terms of sales contracts -- Product liability -- Performance of sales contracts -- Remedies for breach of sales contracts -- Property: Personal property and bailments -- Real property -- Landlord and tenant -- Estates and trusts -- Insurance law -- Credit: Introduction to credit and secured transactions -- Security interests in personal property -- Bankruptcy -- Commercial paper: Negotiable instruments -- Negotiation and holder in due course -- Liability of parties -- Checks and electronic transfers -- Agency law: The agency relationship --Third-party relations of the principal and the agent -- Partnerships: Introduction to forms of business and formation of partnerships -- Operation of partnerships and related forms -- Partners' dissociation and partnerships' dissolution and winding up -- Limited liability companies, limited partnerships and limited liability limited partnerships -- Corporations: History and nature of corporations -- Organization and financial structure of corporations -- Management of corporations -- Shareholders' rights and liabilities -- Securities regulation -- Legal and professional responsibilities of auditors, consultants and securities professionals  -- Regulation of business: Administrative law -- The Federal trade commission act and consumer protection laws -- Antitrust: the Sherman Act -- The Clayton act, the Robinson-Patman act and antitrust exemptions and immunities -- Employment law -- Environmental regulation --</subfield>
  </datafield>
  <datafield tag="653" ind1=" " ind2=" ">
    <subfield code="a">Commercial law -- United States </subfield>
    <subfield code="a">Business law -- United States</subfield>
  </datafield>
  <datafield tag="700" ind1=" " ind2=" ">
    <subfield code="q">Mallor, Jane P.</subfield>
  </datafield>
  <datafield tag="942" ind1=" " ind2=" ">
    <subfield code="2">lcc</subfield>
    <subfield code="c">BK</subfield>
  </datafield>
  <datafield tag="999" ind1=" " ind2=" ">
    <subfield code="c">8611</subfield>
    <subfield code="d">16111</subfield>
  </datafield>
  <datafield tag="952" ind1=" " ind2=" ">
    <subfield code="0">0</subfield>
    <subfield code="1">0</subfield>
    <subfield code="2">lcc</subfield>
    <subfield code="4">0</subfield>
    <subfield code="7">0</subfield>
    <subfield code="a">WIUC-KL</subfield>
    <subfield code="b">WIUC-KL</subfield>
    <subfield code="c">GEN</subfield>
    <subfield code="d">2019-10-23</subfield>
    <subfield code="e">WIUC</subfield>
    <subfield code="l">0</subfield>
    <subfield code="o">KF888.B97(15e)</subfield>
    <subfield code="p">K/375/375/19</subfield>
    <subfield code="r">2022-02-03 00:00:00</subfield>
    <subfield code="w">2022-02-03</subfield>
    <subfield code="y">BK</subfield>
  </datafield>
</record>
